On the foreign policy of the Soviet state / (Record no. 21592)
[ view plain ]
| 000 -LEADER | |
|---|---|
| fixed length control field | 00897cam a2200289 4500 |
| 001 - CONTROL NUMBER | |
| control field | 4549920 |
| 003 - CONTROL NUMBER IDENTIFIER | |
| control field | BDDh-ASL |
| 005 - DATE AND TIME OF LATEST TRANSACTION | |
| control field | 20231015030020.0 |
| 008 - FIXED-LENGTH DATA ELEMENTS--GENERAL INFORMATION | |
| fixed length control field | 700528s1968 ru c 001 0 eng |
| 010 ## - LIBRARY OF CONGRESS CONTROL NUMBER | |
| LC control number | 71467262 |
| 015 ## - NATIONAL BIBLIOGRAPHY NUMBER | |
| National bibliography number | USSR*** |
| 040 ## - CATALOGING SOURCE | |
| Original cataloging agency | DLC |
| Transcribing agency | DLC |
| Modifying agency | DLC |
| -- | BDDh-ASL |
| 041 1# - LANGUAGE CODE | |
| Language code of text/sound track or separate title | engrus |
| 043 ## - GEOGRAPHIC AREA CODE | |
| Geographic area code | e-ur--- |
| 050 00 - LIBRARY OF CONGRESS CALL NUMBER | |
| Classification number | DK266.5 |
| Item number | .L3413 |
| 082 00 - DEWEY DECIMAL CLASSIFICATION NUMBER | |
| Classification number | 327.47 |
| Item number | LEO |
| 100 1# - MAIN ENTRY--PERSONAL NAME | |
| Personal name | Lenin, Vladimir Ilʹich, |
| Dates associated with a name | 1870-1924. |
| 240 10 - UNIFORM TITLE | |
| Uniform title | Vneshneĭ politike sovetskogo gosudarstva / |
| Language of a work | English |
| 245 10 - TITLE STATEMENT | |
| Title | On the foreign policy of the Soviet state / |
| Statement of responsibility, etc. | [by] V. I. Lenin. |
| 260 ## - PUBLICATION, DISTRIBUTION, ETC. | |
| Place of publication, distribution, etc. | Moscow: |
| Name of publisher, distributor, etc. | Progress |
| Date of publication, distribution, etc. | [1968] |
| 300 ## - PHYSICAL DESCRIPTION | |
| Extent | 486 p. |
| Other physical details | port. |
| Dimensions | 21 cm. |
| 350 ## - PRICE (NR) (BK AM CF MU VM SE) [OBSOLETE] | |
| Price | 1.14 |
| 500 ## - GENERAL NOTE | |
| General note | Translation of O vneshneĭ politike sovetskogo gosudarstva. |
| 651 #0 - SUBJECT ADDED ENTRY--GEOGRAPHIC NAME | |
| Geographic name | Soviet Union |
| General subdivision | Foreign relations |
| Chronological subdivision | 1917-1945. |
| 906 ## - LOCAL DATA ELEMENT F, LDF (RLIN) | |
| a | 7 |
| b | cbc |
| c | orignew |
| d | u |
| e | ncip |
| f | 19 |
| g | y-gencatlg |
| 942 ## - ADDED ENTRY ELEMENTS (KOHA) | |
| Source of classification or shelving scheme | Dewey Decimal Classification |
| Koha item type | Books |
| Withdrawn status | Lost status | Source of classification or shelving scheme | Damaged status | Not for loan | Collection code | Home library | Current library | Shelving location | Date acquired | Source of acquisition | Total Checkouts | Full call number | Barcode | Date last seen | Copy number | Price effective from | Koha item type |
|---|---|---|---|---|---|---|---|---|---|---|---|---|---|---|---|---|---|
| Dewey Decimal Classification | Non-fiction | Asiatic Society Library | Asiatic Society Library | General Stacks | 02/06/2021 | ASB Collection | 327.47 LEO | 105428 | 02/06/2021 | C-1 | 02/06/2021 | Books |